Taylor Swift - Lieux dans les chansons - Statistiques

Statistiques générales
  • Ce quiz a été pris 227 fois
    44 depuis la dernière actualisation
  • Le résultat moyen est 11 sur 61
Statistiques - réponses
Hint Réponse % Correct
France Paris dans "Paris"
100%
Royaume-Uni London dans "Come Back... Be Here", "Message in a Bottle", "London Boy", "Beautiful Ghosts" et "So Long, London"
94%
États-Unis New York dans "Holy Ground", "Come Back... Be Here", "Elizabeth Taylor", "False God", "Daylight", "hoax", "Maroon", "Welcome to New York" et "When Emma Falls In Love
82%
États-Unis Los Angeles dans "The Lucky One" (angel's city), "The Very First Night", "Tis The Damn Season", "Invisible String", "When Emma Falls In Love" et "Clara Bow"
65%
France Saint Tropez dans "The Man"
59%
Italie Portofino dans "Elizabeth Taylor"
47%
États-Unis Florida dans "Fortnight" et "Florida!!!"
41%
États-Unis Cornelia Street dans "Cornelia Street"
35%
États-Unis Hollywood dans "White Horse" et "Elizabeth Taylor"
35%
Fictif Wonderland dans "Wonderland"
35%
Asie Asia dans "Bigger Than The Whole Sky"
29%
Royaume-Uni SoHo dans "London Boy"
29%
États-Unis Tennessee dans "London Boy"
29%
Royaume-Uni The Lakes (Lake District) dans "the lakes"
29%
Royaume-Uni Camden Market dans "London Boy"
24%
Asie India dans "seven"
24%
États-Unis Texas dans "Florida!!!" et "I Can Fixe Him (No Really I Can)"
24%
États-Unis Manhattan dans "Clara Bow"
18%
États-Unis Pennsylvania dans "seven"
18%
États-Unis America dans "Fortnight"
12%
Royaume-Uni Bond Street dans "London Boy"
12%
États-Unis Centennial Park dans "invisible string"
12%
États-Unis Coney Island dans "Coney Island"
12%
États-Unis Destin dans "Florida!!!"
12%
France Plaza Athénée dans "Elizabeth Taylor"
12%
États-Unis Rhode Island dans "the last great American dynasty
12%
États-Unis Saint Louis dans "the last great American dynasty"
12%
États-Unis SoCal dans "London Boy"
12%
États-Unis West Village dans "False God"
12%
États-Unis 16th Avenue dans "I Think He Knows"
6%
États-Unis Beverly Hills dans "I Bet You Think About Me"
6%
Royaume-Uni Brixton dans "London Boy"
6%
États-Unis Brooklyn dans "All Too Well (10 Minute Version)"
6%
États-Unis Carolina (Caroline du Nord) dans "Carolina"
6%
États-Unis Central Park Lake dans "The Bolter"
6%
États-Unis Chealse Hotel dans "The Tortured Poets Department"
6%
États-Unis East Side (New York) dans "Delicate"
6%
États-Unis Gallatin Road dans "Ruin The Friendship"
6%
Fictif Gardens of Babylon dans "Cowboy Like Me"
6%
États-Unis Georgia dans "Tim McGraw"
6%
Royaume-Uni Hackney dans "London Boy"
6%
Royaume-Uni Highgate dans "London Boy"
6%
États-Unis High Line dans "cardigan"
6%
États-Unis Holiday House dans "the last great American dynasty"
6%
Asie Iraq dans "Bad Blood ft. Kendrick Lamar"
6%
États-Unis Lakeside Beach dans "Ruin The Friendship"
6%
États-Unis Lenox dans "The Life of a Showgirl"
6%
États-Unis Madison Square dans "The Lucky One"
6%
États-Unis Musso and Frank’s dans "Elizabeth Taylor"
6%
Afrique Nile dans "Guilty as Sin?"
6%
États-Unis Olive Garden dans "No Body, No Crimes"
6%
États-Unis Rose Garden dans "The Lucky One"
6%
Royaume-Uni Shoreditch dans "London Boy"
6%
États-Unis Sunset (Boulevard) dans "Gorgeous"
6%
États-Unis Tupelo (Mississippi) dans "Dorothea"
6%
États-Unis Vegas dans "Karma" ,
6%
États-Unis Vine (Street) dans "Gorgeous"
6%
Royaume-Uni West End dans "London Boy"
6%
États-Unis West Side (New York) dans "Delicate"
6%
Royaume-Uni Wicklow dans "Sweet Nothing"
6%
Royaume-Uni Windermere (lac) dans "the lakes"
6%
Aucun quiz correspondant
Distribution des résultats
% des personnes avec chaque résultat
Percentile par nombre de réponses
Votre historique - résultats
Vous n’avez pas pris ce quiz depuis la dernière actualisation